| 000 | 00718cam a22002291 4500 | ||
|---|---|---|---|
| 001 | ne 64001867 | ||
| 003 | DLC | ||
| 005 | 20260227111802.0 | ||
| 008 | 891218s1964 ua h 000 0bara c | ||
| 010 | _ane 64001867 | ||
| 025 | _aPL480:UAR-4365 | ||
| 035 | _a(OCoLC)20793119 | ||
| 040 |
_aPrinceton Univ. Libr. _cWaU _dWaU _dDLC |
||
| 042 | _apremarc | ||
| 050 | 0 | 0 |
_aBP75 _b.R23 |
| 100 | 1 | _aRāḍī, ʻAlī ʻAbd al-Jalīl. | |
| 245 | 1 | 0 |
_aḤayāt Muḥammad al-rūḥīyah _c[taʼlīf] ʻAlī ʻAbd al-Jalīl Rāḍī. |
| 250 | _aal-Ṭabʻah al-ūlá. | ||
| 260 |
_aal-Qāhirah, _bMaktabat al-Nahḍah al-Miṣrīyah _c[1964] |
||
| 300 |
_a379 p. _bfacsim. _c24 cm. |
||
| 600 | 0 | 0 |
_aMuḥammad, _cProphet, _d-632. |
| 999 |
_c47255 _d47255 |
||